000 00197nam a2200073Ia 4500
008 170524s9999 xx 000 0 und d
100 _aNAVATHE- SHAMKANT B
245 0 _aFUNDAMENTALS OF DATABASE SYSTEM
260 _bPEARSON EDUCATION
999 _c8098
_d8098